La struttura delle rivoluzioni economiche

Detalles Bibliográficos
Autor principal: Ortino, Sergio
Formato: Desconocido
Lenguaje:italiano
Publicado: Bari : Cacucci editore, 2010
Materias:
Acceso en línea:Acceso restringido

MARC

LEADER 00000ny a22000003n 4500
005 20110620140151.0
008 100805s2010 it 000 0 ita d
020 |a 9788884228970 
035 |a 4971 
040 |a BUS   |d vLex 
090 |c 883  |d 883 
100 1 |a Ortino, Sergio 
245 1 3 |a La struttura delle rivoluzioni economiche  |h [Recurso electrn̤ico]  |c Sergio Ortino  
256 |a Servicio en ln̕ea 
260 |a Bari :  |b Cacucci editore,  |c 2010  
506 1 |a Contenido solo disponible en los productos indicados  |d vLex Global  |d vLex Global (Academic Edition, excluding Law Schools)  |d vLex Global (U.S. Academic Edition, Law Schools)  |d vLex Global (U.S. Academic Edition, excluding Law Schools)  |d vLex Global (Academic Edition, Law Schools) 
650 0 4 |a Derecho  
650 0 4 |a Economia  
740 0 |a vLex Libros (Servicios en ln̕ea) 
856 4 0 |u http://vlex.com/source/4971  |z Acceso restringido 
942 |c BOOK 
999 0 |a Law  |b Italia